000 00657fam a2200229 a 4500
005 20260322212050.0
008 data
010 _a 00058867
020 _a019289322X (pbk.)
020 _a9780192893222 (pbk.)
040 _aDLC
_cDLC
_dOrLoB
050 0 0 _aBD21
_b.G74 2000
092 _a190.21 M34 2000
245 1 4 _aThe great philosophers :
_ban introduction to Western philosophy /
_cBryan Magee.
260 _aNew York :
_aNew York :
_bOxford University Press,
_c2000.
300 _a352 p. :
_bill. ;
_c20 cm.
500 _aIncludes index.
590 _aIncludes index.
650 0 _aPhilosophy
_vIntroductions.
700 1 _aMagee, Bryan.
001 data
999 _c1182
_d1182